| 000 | 00599nam a22001577a 4500 | ||
|---|---|---|---|
| 008 | 160523b xxu||||| |||| 00| 0 eng d | ||
| 082 |
_22015 _aUT 0634 _bSo68 |
||
| 100 |
_98785 _aSorizo, Reena Beth A. |
||
| 245 |
_aLife insurance marketing model for Digos City clients/ _cReena Beth A. Sorizo, Filjhon B. Densing and regine T. Tura. |
||
| 260 |
_aDigos City: _bUMDC _cNovember 2015. |
||
| 300 |
_a67 pages; _c30 cm. |
||
| 650 | 0 |
_98784 _aBusiness Administration _vMarketing Management _xUndergraduate thesis. |
|
| 700 |
_98782 _aDensing, Filjhon B. |
||
| 700 |
_98783 _aTura, Regine T. |
||
| 942 |
_2ddc _cUT |
||
| 999 |
_c2671 _d2671 |
||